00418nam a2200157Ia 450000500170000000800460001702000180006303700120008104000200009304100130011308400230012610000150014924500410016426000460020530000090025120250508160756.0008 250505s9999 xx 000 0 eng d a0-210-22378-2 aTextual aFEDLbengcFEDL aeng2eng a376.954, MATqFEDL aMathur Y B 0aWomen's education in India 1813-1966 aDelhi, IndiabThe University Press c1973 a208p